Normal view MARC view
  • Kumar Vineeth.V.,etal

Entry Personal Name

Number of records used in: 1

001 - CONTROL NUMBER

  • control field: 7526

003 - CONTROL NUMBER IDENTIFIER

  • control field: OSt

005 - DATE AND TIME OF LATEST TRANSACTION

  • control field: 20220124112810.0

008 - FIXED-LENGTH DATA ELEMENTS

  • fixed length control field: 220124|| aca||aabn | a|a d

040 ## - CATALOGING SOURCE

  • Original cataloging agency: OSt
  • Transcribing agency: OSt

100 ## - HEADING--PERSONAL NAME

  • Personal name: Kumar Vineeth.V.,etal

670 ## - SOURCE DATA FOUND

  • Source citation: Work cat.: (OSt): Kumar Vineeth.V.,etal, Military Psychology, 2016

Powered by Koha